Η έκτη μέρα της πενθήμερης
Αποθηκεύτηκε σε:
| Κύριος συγγραφέας: | |
|---|---|
| Μορφή: | Βιβλίο |
| Γλώσσα: | Greek |
| Δημοσίευση: |
Αθήνα :
Αλεξάνδρεια,
2003
|
| Θέματα: | |
| Ετικέτες: |
Προσθήκη ετικέτας
Δεν υπάρχουν, Καταχωρήστε ετικέτα πρώτοι!
|
MARC
| LEADER | 00000nam a2200000 i 4500 | ||
|---|---|---|---|
| 001 | 1/59667 | ||
| 008 | 040827s2003 gre d | ||
| 020 | |a 960-221-258-6 | ||
| 035 | |l 10074159 | ||
| 040 | |a GR-MY-UA |b gre |e aacr | ||
| 041 | 0 | |a gre | |
| 082 | 0 | |a 889.3 | |
| 100 | 1 | |a Σκορίνης, Χρήστος |d 1962- | |
| 245 | 1 | 2 | |a Η έκτη μέρα της πενθήμερης / |c Χρήστος Σκορίνης |
| 260 | |a Αθήνα : |b Αλεξάνδρεια, |c 2003 | ||
| 300 | |a 236 σ.; |c 20 εκ. | ||
| 650 | 0 | 0 | |a Greek fiction. |
| 852 | |a INST |b SAMOS |e 20040827 |h 889.3 ΣΚΟ |p 005300023173 |q 005300023173 |t BK |y 0 | ||
| 901 | |a BIBL3-2004-2 | ||
| 909 | |a Σ |b 107481 | ||
| 922 | |a 3ΕΛΗ |b 200406 |c ΕΠΕΑΕΚ/ΤΜΠΕΣ |d LEADER | ||
| 970 | |a ΠΟΥΡΝΑΡΑΣ |b ΔΗΜΗΤΡΗΣ |z 2004/08/27 | ||